[Event "Krakow op-A 30th"]
[Site "Krakow"]
[Date "2020.01.02"]
[Round "7"]
[White "Belous, Mikhail"]
[Black "Bugalski, Michal"]
[Result "1-0"]
[WhiteElo "2349"]
[BlackElo "2241"]
[PlyCount "26"]
[EventDate "2019.12.27"]
[EventType "swiss"]
[EventRounds "9"]
[EventCountry "POL"]
[SourceTitle "CBM 194 Extra"]
[Source "ChessBase"]
[SourceDate "2020.03.31"]
[SourceVersion "1"]
[SourceVersionDate "2020.03.31"]
[SourceQuality "1"]

1. d4 Nf6 2. c4 e6 3. Nf3 Bb4+ 4. Bd2 a5 5. g3 c5 6. Bg2 0-0 7. 0-0 cxd4 8. Bxb4 axb4 9. Nxd4 Nc6 10. Nb5 d5 11. cxd5 Nxd5 12. a4 bxa3 13. Rxa3 Rxa3 1-0

[Event "Krakow op-A 30th"]
[Site "Krakow"]
[Date "2019.12.31"]
[Round "6"]
[White "Tazbir, Marcin"]
[Black "Belous, Mikhail"]
[Result "1-0"]
[WhiteElo "2525"]
[BlackElo "2349"]
[PlyCount "106"]
[EventDate "2019.12.27"]
[EventType "swiss"]
[EventRounds "9"]
[EventCountry "POL"]
[SourceTitle "CBM 194 Extra"]
[Source "ChessBase"]
[SourceDate "2020.03.31"]
[SourceVersion "1"]
[SourceVersionDate "2020.03.31"]
[SourceQuality "1"]

1. e4 e5 2. Nf3 Nc6 3. Bb5 a6 4. Ba4 Nf6 5. Qe2 b5 6. Bb3 Bc5 7. c3 0-0 8. d3 d5 9. Bg5 dxe4 10. dxe4 Be6 11. Bxe6 fxe6 12. Nbd2 Qe8 13. Nb3 Bb6 14. Be3 Qg6 15. Nbd2 Nxe4 16. Nh4 Rxf2 17. Nxg6 Rxe2+ 18. Kxe2 Nxd2 19. Kxd2 hxg6 20. Bxb6 cxb6 21. Ke3 Kf7 22. Rhf1+ Ke7 23. Rf2 Rh8 24. Raf1 Nd8 25. g3 Rh5 26. Rd1 Nb7 27. Rfd2 Nc5 28. b4 Na4 29. Kd3 Rh8 30. Kc2 e4 31. Kb3 Rc8 32. Rc2 Rc4 33. Rd4 Rxd4 34. cxd4 Kd6 35. Rc8 e3 36. Kc2 e2 37. Kd2 Kd5 38. Kxe2 Kxd4 39. Kd2 e5 40. Rc7 a5 41. Rxg7 axb4 42. Rxg6 Nc3 43. Rxb6 Nxa2 44. Rxb5 e4 45. Rb8 e3+ 46. Kc2 Ke4 47. Kb2 b3 48. Kxb3 Nc1+ 49. Kc2 Ne2 50. Re8+ Kf3 51. Rf8+ Ke4 52. Kd1 Ng1 53. h4 Kd5 1-0

[Event "Krakow op-A 30th"]
[Site "Krakow"]
[Date "2019.12.27"]
[Round "1"]
[White "Belous, Mikhail"]
[Black "Krzywda, Andrzej"]
[Result "1-0"]
[WhiteElo "2349"]
[BlackElo "2178"]
[PlyCount "81"]
[EventDate "2019.12.27"]
[EventType "swiss"]
[EventRounds "9"]
[EventCountry "POL"]
[SourceTitle "CBM 194 Extra"]
[Source "ChessBase"]
[SourceDate "2020.03.31"]
[SourceVersion "1"]
[SourceVersionDate "2020.03.31"]
[SourceQuality "1"]

1. d4 Nf6 2. c4 e6 3. Nf3 d5 4. Nc3 Be7 5. Bg5 h6 6. Bh4 0-0 7. e3 b6 8. cxd5 exd5 9. Bd3 Be6 10. 0-0 Nbd7 11. Rc1 c5 12. Qe2 c4 13. Bb1 Re8 14. Ne5 Nxe5 15. dxe5 Nd7 16. Bxe7 Qxe7 17. f4 f5 18. g4 g6 19. gxf5 gxf5 20. Qh5 Rf8 21. Kf2 Kh7 22. Rg1 Qf7 23. Qxf7+ Rxf7 24. Rcd1 Rc8 25. Nxd5 b5 26. Nc3 Nc5 27. Rd6 Rg8 28. Rxg8 Kxg8 29. Rc6 b4 30. Ne2 Nd3+ 31. Bxd3 cxd3 32. Rxe6 Rc7 33. Rd6 dxe2 34. Kxe2 h5 35. Kd3 Rc1 36. Rh6 Ra1 37. Rxh5 Rxa2 38. Kc2 a5 39. Rxf5 a4 40. e6 a3 41. e7 1-0

[Event "EU-ch blitz"]
[Site "Tallinn"]
[Date "2019.12.07"]
[Round "22"]
[White "Timoshin, Andrei"]
[Black "Belous, Mikhail"]
[Result "0-1"]
[WhiteElo "2130"]
[BlackElo "2286"]
[PlyCount "93"]
[EventDate "2019.12.07"]
[EventType "swiss (blitz)"]
[EventRounds "22"]
[EventCountry "EST"]
[SourceTitle "CBM 193 Extra"]
[Source "ChessBase"]
[SourceDate "2020.01.31"]
[SourceVersion "1"]
[SourceVersionDate "2020.01.31"]
[SourceQuality "1"]

1. e4 c5 2. Nc3 a6 3. f4 b5 4. d4 cxd4 5. Qxd4 Bb7 6. Nf3 d6 7. Bd3 Nc6 8. Qf2 g6 9. a3 Bg7 10. Be3 Nf6 11. h3 0-0 12. 0-0 b4 13. Nd5 bxa3 14. Nxf6+ Bxf6 15. Rxa3 Nb4 16. Rb3 Nxd3 17. cxd3 Bc6 18. Nd4 Bd7 19. Ra1 a5 20. Nf3 a4 21. Rb6 Rb8 22. e5 Bg7 23. Rc1 Rxb6 24. Bxb6 Qa8 25. Bd4 dxe5 26. Bxe5 Qd5 27. Rc7 Rc8 28. Rxc8+ Bxc8 29. Qc2 Bb7 30. Qc7 Bxe5 31. fxe5 Kg7 32. Qxe7 Qc6 33. d4 Qc1+ 34. Kh2 Qf4+ 35. Kg1 Qc1+ 36. Kf2 Qxb2+ 37. Kg3 Bxf3 38. gxf3 Qb6 39. d5 Qg1+ 40. Kf4 Qd4+ 41. Kg3 Qxd5 42. Qf6+ Kg8 43. f4 a3 44. Qa6 a2 45. Kh4 h6 46. Qc8+ Kg7 47. Qa6 0-1

[Event "UKR-ch sf"]
[Site "Omelnyk"]
[Date "2019.10.09"]
[Round "4"]
[White "Belous, Mikhail"]
[Black "Vetoshko, Volodymyr"]
[Result "1/2-1/2"]
[WhiteElo "2319"]
[BlackElo "2506"]
[PlyCount "30"]
[EventDate "2019.10.06"]
[EventType "swiss"]
[EventRounds "9"]
[EventCountry "UKR"]
[SourceTitle "EXT 2020"]
[Source "ChessBase"]
[SourceDate "2019.10.17"]
[SourceVersion "1"]
[SourceVersionDate "2019.10.17"]
[SourceQuality "1"]

1. d4 Nf6 2. c4 e6 3. Nf3 d5 4. Nc3 a6 5. c5 b6 6. cxb6 cxb6 7. Bf4 Bd6 8. e3 0-0 9. Bd3 Bb7 10. Ne5 Nc6 11. Nxc6 Bxc6 12. Bxd6 Qxd6 13. 0-0 Ne4 14. Rc1 f5 15. f3 Nxc3 1/2-1/2